Cours de droit public interne et externe / (Record no. 162182)

MARC details
000 -LEADER
campo de control de longitud fija 00819nam a22002175i 4500
001 - NÚMERO DE CONTROL
campo de control 162182
003 - IDENTIFICADOR DE NÚMERO DE CONTROL
campo de control ES-MaACL
005 - FECHA Y HORA DE LA ÚLTIMA TRANSACCIÓN
campo de control 20250729042042.0
008 - DATOS DE LONGITUD FIJA--INFORMACIÓN GENERAL
campo de control de longitud fija 990705s1830 fr |||| | fre d
040 ## - FUENTE DE CATALOGACIÓN
Centro catalogador/agencia de origen CCPB | B
Lengua de catalogación spa
Centro/agencia transcriptor CCPB | B
100 1# - ENTRADA PRINCIPAL--NOMBRE DE PERSONA
Nombre de persona Pinheiro-Ferreira, Silvestre.
9 (RLIN) 131170
245 10 - MENCIÓN DEL TÍTULO
Título Cours de droit public interne et externe /
Mención de responsabilidad, etc. par Silvestre Pinheiro-Ferreira.
260 ## - PUBLICACIÓN, DISTRIBUCIÓN, ETC.
Lugar de publicación, distribución, etc. Paris :
Nombre del editor, distribuidor, etc. Rey et Gravier, libraires :
-- J.P. Aillaud, libraire,
Fecha de publicación, distribución, etc. 1830.
300 ## - DESCRIPCIÓN FÍSICA
Extensión 2 v. (VIII, 499, [1] ; VIII, 420 p.) ;
Dimensiones 21 cm.
597 #1 - NOTA DE DESCRIPCIÓN FÍSICA
NOTA DE DESCRIPCIÓN FÍSICA En las VIII p. del 2º tomo, hay 4 p. con paginación 419-422.
597 #1 - NOTA DE DESCRIPCIÓN FÍSICA
NOTA DE DESCRIPCIÓN FÍSICA Antep.
650 #7 - PUNTO DE ACCESO ADICIONAL DE MATERIA--TÉRMINO DE MATERIA
Término de materia o nombre geográfico como elemento de entrada Derecho público
Fuente del encabezamiento o término embne
9 (RLIN) 11763
752 ## - ENTRADA AGREGADA--NOMBRE JERÁRQUICO DEL LUGAR
País o entidad superior Francia -
Ciudad París
852 ## - LOCALIZACIÓN
Ubicación ES-MaACL
Número de control de estantería G-12064
Nota libre -- Enc. piel
condición física -- Solo T.I hasta la página 440
Holdings
Estatus retirado Estado de pérdida Estado de daño No para préstamo Colección Biblioteca de origen Biblioteca actual Ubicación en estantería Fecha de adquisición Fuente de adquisición Total de préstamos Signatura topográfica completa Código de barras Visto por última vez Precio de reemplazo Tipo de ítem Koha
        Libros del s. XIX Biblioteca del Ateneo de Madrid Biblioteca del Ateneo de Madrid Sala Pecera Planta 3 17/01/2008     G-12064 1169904 23/02/2023 23/02/2023 Libro impreso antiguo